Efectos redistributivos de la inflación en el sector manufacturero argentino (Registro nro. 24778)

Detalles MARC
000 -LEADER
fixed length control field 00360 a2200109 4500
001 - CONTROL NUMBER
control field ART_10487
005 - DATE AND TIME OF LATEST TRANSACTION
control field 20260410161848.0
008 - FIXED-LENGTH DATA ELEMENTS--GENERAL INFORMATION
fixed length control field 260409a
100 1# - MAIN ENTRY--PERSONAL NAME
Personal name Montuschi, Luisa
245 10 - TITLE STATEMENT
Title Efectos redistributivos de la inflación en el sector manufacturero argentino
773 0# - HOST ITEM ENTRY
Title Económica
Related parts - Año XXII, Nº2/3 (may./dic. 1976)
Record control number REV7541

No hay ítems disponibles.